Statistiques concernant Capitales avec la lettre A

Cliquez ici pour prendre le quiz!

Statistiques générales

  • Ce quiz a été pris 201 fois
    (147 depuis la dernière actualisation)
  • Le résultat moyen est 72 sur 146

Statistiques - réponses

HintRéponse% Correct
AParis
89%
AMadrid
87%
AAAAnkara
81%
AWashington
78%
AAAAAntananarivo
76%
AABrasilia
76%
AAlger
75%
AACanberra
71%
AAOttawa
70%
AAAJakarta
68%
ARiga
68%
AAAndorre-la-Vieille
67%
AAthènes
67%
AAABratislava
67%
AALa Valette
67%
ALe Caire
67%
ALima
67%
AARabat
67%
AAAmsterdam
65%
ABucarest
63%
ABuenos Aires
63%
AADamas
63%
AReykjavik
63%
ATallinn
63%
AVarsovie
63%
AABagdad
62%
ABudapest
62%
APrague
62%
AAVatican
62%
AABamako
60%
ACopenhague
60%
AAKuala Lumpur
60%
AALjubljana
60%
AAOulan-Bator
60%
AAAPanama
60%
APretoria/Le Cap
60%
AAAAstana
59%
ABangkok
59%
AChisinau
59%
AAALa Havane
59%
AASaint-Marin
59%
ABogota
57%
AAACaracas
57%
AADacca
57%
AMonaco
57%
AASantiago
57%
ATéhéran
57%
AAAAddis Abeba
56%
AAAIslamabad
56%
AKaboul
56%
ARiyad
56%
AZagreb
56%
AAsuncion
54%
AADakar
54%
AHanoï
54%
AJérusalem
54%
AVaduz
54%
AAAbou Dabi
52%
AAAmman
52%
ABelgrade
52%
AErevan
52%
AAAGuatemala
51%
AManille
51%
ANairobi
51%
APodgorica
51%
AASarajevo
51%
ABakou
49%
AABrazzaville
49%
AAKinshasa
49%
AALa Paz
49%
ASofia
49%
AATirana
49%
ADoha
48%
AAKatmandou
48%
AKhartoum
48%
AKigali
48%
AAAManama
48%
AAAParamaribo
48%
ATachkent
48%
AAOuagadougou
46%
AAASanaa
46%
AYaoundé
46%
AAAAsmara
44%
AALuanda
44%
AMaputo
44%
AAMascate
44%
ANouakchott
44%
APyongyang
44%
ASingapour
44%
AVientiane
44%
AAAbuja
43%
AAAManagua
43%
ASaint-Domingue
43%
ASan José
43%
AAASan Salvador
43%
ASuva
43%
AATegucigalpa
43%
APristina
41%
AAAccra
40%
ABanjul
40%
ABelmopan
40%
AFunafuti
40%
AMalé
40%
ASao Tomé
40%
AVictoria
40%
AAAAchgabat
38%
AAApia
38%
AAAABandar Seri Begawan
38%
ADodoma
38%
ADouchanbé
38%
AGaborone
38%
AGitega
38%
AALusaka
38%
AANdjamena
38%
ANiamey
38%
AYamoussoukro
38%
ABangui
37%
AMonrovia
37%
AANassau
37%
APort d'Espagne
37%
AAHarare
35%
AAKampala
35%
AMogadiscio
35%
AANaypyidaw
35%
APort-au-Prince
35%
AAAAASri Jayawardenapura Kotte
35%
ATaipei
33%
ABissau
32%
ACastries
32%
ADjouba
32%
AAHoniara
32%
AMaseru
32%
AYaren
32%
AConakry
30%
AAMalabo
30%
AAMbabane
30%
AANuku'alofa
30%
APort-Vila
30%
AMajuro
29%
ASaint-Georges
29%
ASaint John's
29%
AAPraia
27%
ABasseterre
25%
APalikir
25%
ARoseau
25%
AAATarawa
22%

Distribution des résultats

Percentile par nombre de réponses

% des personnes avec chaque résultat

Votre développement - résultats

Vous n’avez pas pris ce quiz depuis la dernière actualisation